|
|
|
|
| LEADER |
00000nam a2200000 a 4500 |
| 001 |
vtls009456104 |
| 003 |
SK-MaSNL |
| 005 |
20260301081959.0 |
| 008 |
081217s2007 au a g 100 0 ger |
| 020 |
|
|
|a 9783415039629 (brož.)
|
| 040 |
|
|
|a SNK
|b slo
|c SNK
|e AACR2
|
| 041 |
0 |
|
|a ger
|a eng
|
| 044 |
|
|
|a gw
|c DE
|
| 072 |
|
7 |
|a 34
|x Právo
|2 konspekt
|
| 072 |
|
7 |
|a 34:007
|2 2001
|
| 072 |
|
7 |
|a 007+004
|2 2001
|
| 072 |
|
7 |
|a 342
|2 2001
|
| 072 |
|
7 |
|a 342.12
|2 2001
|
| 072 |
|
7 |
|a 341.17
|2 2001
|
| 072 |
|
7 |
|a (062.534)
|2 2001
|
| 111 |
2 |
|
|a IRIS
|n (10. :
|d 2007 :
|c Salzburg, Rakúsko)
|9 406143
|
| 245 |
1 |
0 |
|a 10 Jahre IRIS: Bilanz und Ausblick
|b Tagungsband des 10. Internationalen Rechtsinformatik-Symposions IRIS 2007 : [22. bis 24. Februar 2007 an der Universität Salzburg]
|c herausgegeben von Erich Schweighofer, Anton Geist, Gisela Heindl
|
| 246 |
3 |
|
|a Zehn Jahre IRIS
|
| 260 |
|
|
|a Stuttgart
|b Richard Boorberg
|c c2007
|
| 300 |
|
|
|a 503 s.
|b ilustr.
|c 21 cm
|
| 546 |
|
|
|a Text aj angl.
|
| 650 |
0 |
7 |
|a právna informatika
|2 SNKPH
|9 115262
|
| 650 |
0 |
7 |
|a informačné systémy
|2 SNKPH
|9 1128
|
| 650 |
0 |
7 |
|a ústavné právo
|2 SNKPH
|9 2256
|
| 650 |
0 |
7 |
|a komunitárne právo
|2 SNKPH
|9 4432
|
| 655 |
|
7 |
|a zborníky konferencií
|2 SNKPH
|9 70153
|
| 700 |
1 |
|
|a Schweighofer, Erich
|4 edt
|9 406144
|
| 700 |
1 |
|
|a Geist, Anton
|4 edt
|9 406145
|
| 700 |
1 |
|
|a Heindl, Gisela
|4 edt
|9 406146
|
| 919 |
|
|
|a 978-3-415-03962-9
|
| 999 |
|
|
|c 657337
|d 659267
|
| 952 |
|
|
|a SNK
|b SNK
|y VYP
|7 0
|p 17A0610436
|o snkIC 137314
|i snk2009/2013
|8 2
|g 35.22
|0 0
|1 0
|4 0
|d 2008-12-17
|l 0
|r 2026-02-23 18:42:17
|w 2026-02-23
|